000 01314nam a22002897a 4500
003 OSt
005 20230516103520.0
008 230516b |||||||| |||| 00| 0 eng d
040 _cLado V
082 _2708
_aK82f
100 _9826
_aKontova, Helena
_eeditora
245 _aFlashArt/
260 _aAustralia
_aAustria
_aBelgica
_aCanada
_aFrancia
_aAlemania
_aGran Bretaña
_aHolanda
_aItalia
_aEspaña
_aIrlanda
_bGEA POLITI
_c2002
300 _a112p.
_c20.5x27.5cm
490 _a223
_vXXXIV
_x0394-1493
505 _aFlash Art News
_tParis Now Hugo Boss Prize Matthew Barney At the Galleries Spring Book Report Manifesta IV Preliminary List Theory Aperto las Vegas Cityscape Manila Group Shows New York Cut Up
505 _aFeatures
_tPawel Althamer Peter Davis Christian Jankowski Rona Pondick Roni Horn Focus Hong Kong
505 _aGlobal Art
_rTrisha Donnelly
505 _aOuvertures
_rJonas Dahlberg
505 _aSpotlights
_tUnpacking Europe
505 _aFlash Art Reviews
650 _2Tesauro de Arte & Arquitectura
_aCATALOGO
650 _2Tesauro de Arte & Arquitectura
_aREVISTA
650 _2Tesauro de Arte & Arquitectura
_aARTE INTERNACIONAL
650 _2Tesauro de Arte & Arquitectura
_aCRITICA
942 _2ddc
_c1
_h708
_iK82f
_n0
999 _c3565
_d3565